000 00669nam a2200169 a 4500
001 000030524
005 20240229073955.0
008 090701s1981 dr c r 000 0 spa d
040 _aDO-SdBNP
_bspa
_cBNPHU
082 _axxxx
_bV422h
100 1 _aVega, Bernardo,
_d1938 -
_93222
245 1 3 _aLa herencia indígena en la cultura dominicana de hoy /
_cBernardo Vega.
260 _aSanto Domingo :
_bAmigo del hogar,
_c1981.
300 _a53 p. :
_bretrs. ;
_c23 cm.
500 _aIncluye notas al pie de las páginas.
500 _aSeparata de la obra "Ensayos Sobre Cultura Dominicana", ediciones Museo del Hombre Dominicano, serie Conferencias No. 10, Santo Domingo 1981.
999 _c30016
_d30016